000 00323nam a2200121Ia 4500
008 220204s9999 xx 000 0 und d
082 _a79.092 (100)
_bLOK
100 _aLokesh Sharma
245 0 _aWills book of excellence: The Olympics
260 _aCalcutta
_bOrient Longman
_c1984
650 _aOlympic games
942 _cBK
999 _c38421
_d38421